000 00714cam a2200217 4500
001 ABS62772
008 000000n2000 000 0 eng u
035 _a(Sirsi) u107893
100 _aWalker, A.
245 _aHelping with your inquiries
260 _c2000
490 _aSolicitors' Journal
_v144(30) 4 August 2000, 734-735(2)
520 _aReviews recent changes to the planning appeals system which came into force on 1 August 2000. The changes affect written representations, hearings and inquiries.
590 _aABS
650 _aPLANNING APPEALS
650 _aPLANNING INQUIRIES
650 _aDEVELOPMENT PLANS
650 _aEVIDENCE
690 _aPlanning and development
_96259
942 _n0
999 _c64446
_d64446